UM Logo

Facilitating learner-centered teaching / (Record no. 23196)

MARC details
000 -LEADER
fixed length control field 00700nam a22002057a 4500
005 - DATE AND TIME OF LATEST TRANSACTION
control field 20241114094602.0
008 - FIXED-LENGTH DATA ELEMENTS--GENERAL INFORMATION
fixed length control field 241113b |||||||| |||| 00| 0 eng d
020 ## - INTERNATIONAL STANDARD BOOK NUMBER
International Standard Book Number 9786218035973
082 ## - DEWEY DECIMAL CLASSIFICATION NUMBER
Classification number DFil 378.12 L962 2020
100 ## - MAIN ENTRY--PERSONAL NAME
Personal name Lucas, Maria Rita D.
9 (RLIN) 2739
245 ## - TITLE STATEMENT
Title Facilitating learner-centered teaching /
Statement of responsibility, etc. Maria Rita D. Lucas and Brenda B. Corpuz.
250 ## - EDITION STATEMENT
Edition statement Fifth edition.
260 ## - PUBLICATION, DISTRIBUTION, ETC. (IMPRINT)
Place of publication, distribution, etc. Quezon City :
Name of publisher, distributor, etc. Lorimar Publishing Inc.,
Date of publication, distribution, etc. ©2020.
300 ## - PHYSICAL DESCRIPTION
Extent xx, 289 pages :
Other physical details illustrations ;
Dimensions 25 cm.
500 ## - GENERAL NOTE
General note Includes references.
650 #0 - SUBJECT ADDED ENTRY--TOPICAL TERM
Topical term or geographic name as entry element Learning, Psychology of.
9 (RLIN) 64122
650 #0 - SUBJECT ADDED ENTRY--TOPICAL TERM
Topical term or geographic name as entry element College teaching.
9 (RLIN) 64123
700 ## - ADDED ENTRY--PERSONAL NAME
Personal name Corpuz, Brenda B.
9 (RLIN) 16
Relator term author.
942 ## - ADDED ENTRY ELEMENTS (KOHA)
Source of classification or shelving scheme Dewey Decimal Classification
Koha item type Filipiniana
Holdings
Withdrawn status Lost status Source of classification or shelving scheme Damaged status Not for loan Collection code Home library Current library Shelving location Date acquired Source of acquisition Cost, normal purchase price Total Checkouts Full call number Barcode Date last seen Date last checked out Price effective from Koha item type
    Dewey Decimal Classification     Filipiniana UM Digos College - LIC UM Digos College - LIC Book Cart 08/20/2024 Purchased 760.00 2 DFil 378.12 L962 2020 28569 08/29/2025 08/15/2025 11/13/2024 Filipiniana